=LDR 00000nam 2200000 4500 =001 000518 =005 20250711012721 =035 ##$$a 0010-0725000380 =007 ta =008 250711################a##########0#ind## =020 ##$$a 978-623-118-868-7 =082 ##$$a 398.209 598 =084 ##$$a 398.209 598 ROS s =100 #$$a Rosanti, Widia =245 1#$$a Satu, Dua, Tiga, Tarik! /$c Widya Ross =250 ##$$a Cetakan Kedua =260 ##$$a Jakarta :$b Badan Pengembangan dan Pembinaan Bahasa,$c 2023 =300 ##$$a 28 hlm. : $b Ilus. ; $c 29,7 cm =650 #4$$a CERITA ANAK-INDONESIA =650 #4$$a KESUSASTRAAN ANAK =990 ##$$a TBM202400271